00505nam a2200157 i 450000100060000000300090000600500170001500700030003200800410003524501060007626000600018230000100024270000430025270000280029585200240032359945ES-MaACL20251009173641.0t|031031s1935 ck ||||1| spa d00aEsguerra b: delirios republicanos / cconceptos de Antonio Gómez Restrepo y Fabio Lozano Torrijos. aBogotá : b[s.n.], c1935 (fTalleres mundo al día) a68 p.1 aGómez Restrepo, Antonio, d1869-19471 aLozano Torrijos, Fabio. aES-MaACLj1822-F-16